01466nab a2200385 a 450000100060000000300080000600500170001400600190003100700150005000800410006502200280010603500210013404000260015505000210018108000150020222200420021724501310025926000640039030000170045436200410047153301640051265000270067665000310070365000210073465000250075565000320078065000190081265300320083165500320086370000440089571000190093974000430095885600620100199900170106346268FlNmELB20241216231752.0m o d | cr cn|||||||||200710r20032004sp |||||s|||||||||||spa d a1135-5727z1135572-7117 a(OCoLC)955377858 aFlNmELBbspacFlNmELB 4aRA425bP699 2003 a614:613.84 0aRevista Española de Salud Pública00aPlan Nacional de prevención y control del tabaquismoh[recurso electronico] /cIsabel Saiz Martínez-Acitores, ...[et al.]. aMadrid :bRed Revista Española de Salud Pública,c2003. a[441]-473 p.0 aVol. 77, Núm. 4 (Julio-Ago. 2003)- aRecurso electrónico. Santa Fe, Arg.: e-libro, 2015. Disponible vía World Wide Web. El acceso puede estar limitado para las bibliotecas afiliadas a e-libro. 7aSalud pública.2lcsh 7aMedicina preventiva.2lcsh 7aTabaco.2unescot 7aPublic health.2lcsh 7aMedicine, Preventive.2lcsh 7aTobacco.2lcsh aPrevención del tabaquismo 4aArtículos electrónicos.1 aSaiz Martínez-Acitores, Isabel,eaut.2 ae-libro, Corp.02aRevista Española de Salud Pública.40uhttps://elibro.net/ereader/politecnicointernacional/15389 c46268d46268